000 00475cam a2200193 4500
001 D8924
008 090401t1983 xxu||||| |||| 00| 0 eng d
035 _a(Sirsi) u16188
041 _aeng
050 _a692.5
110 _aDavisBelfield and Everest
_93167
245 _aSpon`s architects` and builders` price book 1984
250 _a109th
260 _aLondon
_bE and F N Spon
_c1983
300 _axxv. 618p. 24cm
350 _a20
942 _n0
948 _c04/03/1997
999 _c87393
_d87393